| 000 | 00819nam a22002537a 4500 | ||
|---|---|---|---|
| 999 |
_c177219 _d177219 |
||
| 005 | 20210212163939.0 | ||
| 010 | _aB-736876 | ||
| 020 | _a9780415677479 | ||
| 035 | _aB-736876 | ||
| 037 | _bGift/Eng/03-02-2021 | ||
| 082 | _a808.042 | ||
| 245 |
_aWays of reading / _cby Martin Montgomery [et al...] |
||
| 250 | _a4th ed. | ||
| 260 |
_aOxon _bRoutledge _c2013 |
||
| 270 |
_a2 Park Square, Milton Park, Abingdon _bOxon |
||
| 300 |
_aix, 374p.: _c25cm(pbk) _bill. |
||
| 500 | _ainclude glossary, bibliographical references and index | ||
| 700 | _aMontgomery, Martin | ||
| 700 | _aDurant, Alan | ||
| 700 | _aFurniss, Tom | ||
| 700 | _aMills, Sara | ||
| 942 |
_2ddc _cEN _mWAY _h808.042 |
||